LEADER 01031nam a2200265 i 4500 001 000000079794 003 CaOOAMICUS 005 20170512000000.0 008 170512s2004 it u000 u ita u 013 $a52032 020 $a978-88-8227-150-3 040 $aSeMil$bita 100 1 $aClément, Olivier,$d<1921-2009>.$0(OLS)http://semarc/name/4742 245 12$aI volti dello Spirito /$cOlivier Clément. 260 $aMagnano :$bQiqajon,$c2004. 300 $a200 p. ;$c19 cm. 490 0 $aSpirituali = Pneumatiko 650 4$aSpirito Santo - Meditazioni.$0(OLS)http://semarc/subject/6356 830 0$aSpirituali = Pneumatiko.$0(OLS)http://semarc/title/23814 850 $aSeMil 852 $aSeMil$W1$xVenegono$y1$m2K I 66$j45424$B45424$CSeMilBibl$Z2$F47391 $81 961 $aLascito: Coronelli don Renato 996 $6020$a978-88-8227-150-3$9(OLS)http://semarc/number/270615 996 $6245$aI volti dello Spirito$9(OLS)http://semarc/title/403640 996 $6260$aMagnano :$bQiqajon$9(OLS)http://semarc/publisher/32326 LEADER 01356nam a2200253 i 4500 001 000000127260 003 CaOOAMICUS 005 20040609000000.0 008 040609n it u000 u ita u 013 $a99968 040 $aSeMil$bita 100 1 $aAsveri, Gianfranco.$0(OLS)http://semarc/name/52917 245 10$aGianfranco Asveri :$bmostra antologica 1969-1994 /$cpresentazione [di] Silvio Zanella ; testo critico [di] Angelo Gilardino. 260 $aGallarate :$bCivica Galleria d'Arte Moderna,$c[199-] 300 $a71 p. :$briccamente ill. ;$c22x22 cm. 500 $aCatalogo della Mostra. - A piè del front. : Civica Galleria d'Arte Moderna, Comune di Gallarate, dal 13 febbraio al 12 marzo 1994. 650 4$aGallarate - Civica Galleria d'Arte Moderna - Esposizioni - 1994.$0(OLS)http://semarc/subject/8842 650 4$aAsveri, Gianfranco <1948- > - Cataloghi di esposizioni.$0(OLS)http://semarc/subject/24988 700 1 $aGilardino, Angelo.$0(OLS)http://semarc/name/52918 700 1 $aZanella, Silvio.$0(OLS)http://semarc/name/15763 850 $aSeMil 852 $aSeMil$W1$xVenegono$y1$m5N VI 121$j81578$B81578$CSeMilBibl$Z2$F83691 $81 996 $6245$aGianfranco Asveri :$bmostra antologica 1969-1994$9(OLS)http://semarc/title/187802 996 $6260$aGallarate :$bCivica Galleria d'Arte Moderna$9(OLS)http://semarc/publisher/40070